| 000 | 00405nam a22001217a 4500 | ||
|---|---|---|---|
| 082 | _a200 THE | ||
| 100 |
_aIQRA BASHARAT _970388 |
||
| 245 | _aTH-SOF-1002-FRAMEWORK USING SUPERVISED LEARNING TECHNIQUES FOR CLASSIFICATION OF UNSTRUCTURED DATA OF CARDIAC PATIENTS | ||
| 260 |
_aISLAMABAD _bNUST COLLEGE OF EME _c2014 |
||
| 650 | _aMS-CSE-11 MSTHESIS | ||
| 700 |
_aDr. SHOAB AHMED KHAN _916053 |
||
| 942 | _cCF | ||
| 999 |
_c577369 _d577369 |
||